01031nam a2200277 b 450000500170000000800390001702000150005602000180007103500200008904000500010904100130015910000220017224501400019425000100033426000470034430000610039150400530045265000160050565000260052165000380054765000410058565000410062665000260066770000160069376500440070920150413142010.0150413s2005 sp abd fr ||1 ||spa a8420647640 a9788420697130 a(OCoLC)63693980 aCO-BoUCMbspacJose A. GerenadJose A. Gerena1 aspaheng1 aCameron, Rondo E.10aHistoria económica mundialbdesde el Paleolítico hasta el presentecRondo Cameron, Larry Neal ; traducción de Miguel Ángel Coll a4a ed aMadrid (España)bAlianza Editorialc2005 a518 páginasbilustraciones, mapas, cuadros, gráficas aIncluye referencias bibliográficas e índices 7aEconomía  7aHistoria económica  7aDesarrollo económico xHistoria 7aNacionalismo xAspectos económicos 7aImperialismo xAspectos económicos 7aModelos económicos 1 aNeal, Larry1 tA concise economic history of the world